[Event "ROM-chT (Women)"]
[Site "Baile Govora"]
[Date "2017.11.11"]
[Round "1.2"]
[White "Vasilescu, Maria"]
[Black "Andres, Marina Corina"]
[Result "1-0"]
[WhiteElo "1911"]
[BlackElo "1600"]
[PlyCount "57"]
[EventDate "2017.11.11"]
[EventType "team-tourn"]
[EventRounds "9"]
[EventCountry "ROU"]
[SourceTitle "CBM 181 Extra"]
[Source "ChessBase"]
[SourceDate "2017.12.12"]
[SourceVersion "1"]
[SourceVersionDate "2017.12.12"]
[SourceQuality "1"]
[WhiteTeam "Arnia Chessit (W)"]
[BlackTeam "Galati (W)"]
[WhiteTeamCountry "ROU"]
[BlackTeamCountry "ROU"]

1. e4 e5 2. Nf3 Nc6 3. Bc4 Bc5 4. d3 Nf6 5. c3 0-0 6. Nbd2 d6 7. h3 Ne7 8. d4 exd4 9. cxd4 Bb6 10. Bb3 Ng6 11. 0-0 Be6 12. Bc2 a6 13. Re1 Nh5 14. Nf1 Nhf4 15. Ng3 Bd7 16. Nf5 Ba5 17. Bd2 Bxd2 18. Qxd2 Nh5 19. Rad1 Ngf4 20. Kh2 Bxf5 21. exf5 Nd5 22. Bb3 Nhf6 23. g4 h6 24. g5 hxg5 25. Qxg5 Nb6 26. Rg1 Ne8 27. Qh5 Qf6 28. Rg6 Qxg6 29. fxg6 1-0

[Event "Cap Aurora op"]
[Site "Cap Aurora"]
[Date "2014.06.21"]
[Round "1"]
[White "Cioara, Andrei Nestor"]
[Black "Vasilescu, Maria"]
[Result "1-0"]
[WhiteElo "2438"]
[BlackElo "1918"]
[PlyCount "49"]
[EventDate "2014.06.21"]
[EventType "swiss"]
[EventRounds "9"]
[EventCountry "ROU"]
[SourceTitle "CBM 161 Extra"]
[Source "ChessBase"]
[SourceDate "2014.08.29"]
[SourceVersion "1"]
[SourceVersionDate "2014.08.29"]
[SourceQuality "1"]

1. d4 d5 2. c4 c6 3. Nf3 Nf6 4. Qb3 Qb6 5. c5 Qd8 6. Nc3 Nbd7 7. Bf4 h6 8. h3 g5 9. Bh2 Bg7 10. e3 0-0 11. Bd3 b6 12. Qa4 bxc5 13. Qxc6 cxd4 14. Bc7 Nb8 15. Qxa8 Qxc7 16. Nxd4 Ba6 17. Bxa6 Nxa6 18. Qc6 Rb8 19. Qxa6 Rxb2 20. Qa3 Qb7 21. 0-0 g4 22. Rab1 Rxb1 23. Rxb1 Qc7 24. Qb3 Bf8 25. Nxd5 1-0

[Event "ROM-ch (Women)"]
[Site "Targu Mures"]
[Date "2014.05.02"]
[Round "7"]
[White "Cirlig, Ioana Andreea"]
[Black "Vasilescu, Maria"]
[Result "0-1"]
[WhiteElo "1793"]
[BlackElo "1903"]
[PlyCount "52"]
[EventDate "2014.04.26"]
[EventType "swiss"]
[EventRounds "9"]
[EventCountry "ROU"]
[SourceTitle "CBM 160 Extra"]
[Source "ChessBase"]
[SourceDate "2014.07.01"]
[SourceVersion "1"]
[SourceVersionDate "2014.07.01"]
[SourceQuality "1"]

1. e4 e5 2. Nf3 Nc6 3. Bc4 Nf6 4. Ng5 d5 5. exd5 b5 6. Bb3 Nd4 7. 0-0 h6 8. Qe1 Bd6 9. Ne4 Nxe4 10. Qxe4 Bf5 11. Qe3 Bxc2 12. Na3 Bxb3 13. axb3 0-0 14. Qd3 Qh4 15. h3 a6 16. Nc2 Rfe8 17. Re1 Nxc2 18. Qxc2 e4 19. Qc6 Rab8 20. Rxa6 Re5 21. Ra8 Rxa8 22. Qxa8+ Kh7 23. Qc6 Rf5 24. Re2 Qf4 25. g3 Qf3 26. Qxb5 Bxg3 0-1

[Event "ROM-ch (Women)"]
[Site "Targu Mures"]
[Date "2014.04.30"]
[Round "5"]
[White "Coman, Emilia Florentina"]
[Black "Vasilescu, Maria"]
[Result "1-0"]
[WhiteElo "1724"]
[BlackElo "1903"]
[PlyCount "77"]
[EventDate "2014.04.26"]
[EventType "swiss"]
[EventRounds "9"]
[EventCountry "ROU"]
[SourceTitle "CBM 160 Extra"]
[Source "ChessBase"]
[SourceDate "2014.07.01"]
[SourceVersion "1"]
[SourceVersionDate "2014.07.01"]
[SourceQuality "1"]

1. d4 d6 2. Nf3 Nd7 3. e4 c6 4. Be3 e5 5. dxe5 dxe5 6. Nbd2 Ngf6 7. h3 Be7 8. Bd3 0-0 9. 0-0 Qc7 10. c3 Rd8 11. Qe2 b5 12. a4 bxa4 13. Rxa4 Bc5 14. b4 Bxe3 15. Qxe3 c5 16. b5 Nb6 17. Ra2 c4 18. Be2 Nh5 19. Rd1 Nf4 20. Nf1 Nxe2+ 21. Qxe2 Bd7 22. Rb1 f6 23. Ne3 Be6 24. Ne1 Rd7 25. Rba1 Qc5 26. Rb2 Rad8 27. Ra6 Kf7 28. Ra1 g6 29. Ra6 Nc8 30. Rc6 Qa3 31. Nxc4 Bxc4 32. Qxc4+ Kg7 33. Rxc8 Rxc8 34. Qxc8 Rd1 35. Re2 Qc1 36. Kf1 Qb1 37. Qa6 Qd3 38. Qxa7+ Kh6 39. Qe3+ 1-0

[Event "ROM-chT (Women)"]
[Site "Mamaia"]
[Date "2013.09.08"]
[Round "9.4"]
[White "Vasilescu, Maria"]
[Black "Moldovan, Petruta Alisia"]
[Result "1-0"]
[WhiteElo "1880"]
[BlackElo "1694"]
[PlyCount "32"]
[EventDate "2013.08.31"]
[EventType "team-tourn"]
[EventRounds "9"]
[EventCountry "ROU"]
[SourceTitle "CBM 156 Extra"]
[Source "ChessBase"]
[SourceDate "2013.10.22"]
[SourceVersion "1"]
[SourceVersionDate "2013.10.22"]
[SourceQuality "1"]
[WhiteTeam "Bucharest Central CC (W)"]
[BlackTeam "Bucharest CSM (W)"]
[WhiteTeamCountry "ROU"]
[BlackTeamCountry "ROU"]

1. e4 c5 2. Nf3 e6 3. c3 Nc6 4. d4 cxd4 5. cxd4 Nf6 6. Nc3 d5 7. e5 Nd7 8. Be2 Be7 9. 0-0 0-0 10. Re1 a6 11. Bd3 b5 12. Bb1 f5 13. exf6 Rxf6 14. Bxh7+ Kxh7 15. Ng5+ Kg8 16. Nxe6 Nf8 1-0

[Event "ROM-chT (Women)"]
[Site "Mamaia"]
[Date "2013.08.31"]
[Round "1.4"]
[White "Vasilescu, Maria"]
[Black "Nevednichy, Alexandra"]
[Result "1-0"]
[WhiteElo "1880"]
[BlackElo "1682"]
[PlyCount "86"]
[EventDate "2013.08.31"]
[EventType "team-tourn"]
[EventRounds "9"]
[EventCountry "ROU"]
[SourceTitle "CBM 156 Extra"]
[Source "ChessBase"]
[SourceDate "2013.10.22"]
[SourceVersion "1"]
[SourceVersionDate "2013.10.22"]
[SourceQuality "1"]
[WhiteTeam "Bucharest Central CC (W)"]
[BlackTeam "Sinandrei (W)"]
[WhiteTeamCountry "ROU"]
[BlackTeamCountry "ROU"]

1. e4 e5 2. Nf3 Nc6 3. Bc4 Bc5 4. d3 Nf6 5. Bb3 h6 6. Nbd2 d6 7. h3 0-0 8. Nf1 Ne7 9. g4 Nh7 10. Ng3 Be6 11. Be3 Bxe3 12. fxe3 Ng6 13. Qe2 Ng5 14. Nf5 Nxf3+ 15. Qxf3 Nh4 16. Qg3 Nxf5 17. exf5 Bxb3 18. axb3 Qe7 19. h4 f6 20. e4 Kf7 21. Ke2 a6 22. g5 fxg5 23. Rag1 Rh8 24. Qg4 h5 25. Qxg5 Qxg5 26. Rxg5 Rh6 27. Rhg1 Rg8 28. c3 Rh7 29. Rg6 Re8 30. b4 Re7 31. Ke3 Re8 32. d4 Re7 33. Ra1 Rh6 34. Rxh6 gxh6 35. Rg1 Re8 36. dxe5 dxe5 37. Kd3 Rd8+ 38. Kc4 Rd6 39. Rg6 Rxg6 40. fxg6+ Kxg6 41. Kd5 Kf6 42. c4 Kf7 43. Kxe5 Ke7 1-0

[Event "ROM-ch U20 Girls"]
[Site "Calimanesti"]
[Date "2013.04.08"]
[Round "10"]
[White "Taposu Matei, Alexandra"]
[Black "Vasilescu, Maria"]
[Result "1/2-1/2"]
[WhiteElo "1782"]
[BlackElo "1884"]
[PlyCount "93"]
[EventDate "2013.04.02"]
[EventType "tourn"]
[EventRounds "10"]
[EventCountry "ROU"]
[SourceTitle "CBM 153 Extra"]
[Source "ChessBase"]
[SourceDate "2013.04.22"]
[SourceVersion "1"]
[SourceVersionDate "2013.04.22"]
[SourceQuality "1"]

1. d4 f5 2. Nf3 g6 3. c4 Nf6 4. Nc3 Bg7 5. Qc2 0-0 6. e4 fxe4 7. Nxe4 d6 8. Be2 Bf5 9. Nxf6+ exf6 10. Qd2 c6 11. 0-0 d5 12. b3 Kh8 13. Bb2 a5 14. Rfe1 Be4 15. c5 Nd7 16. Qc3 Qc7 17. Nd2 Rae8 18. f3 Bf5 19. Bf1 Bh6 20. Bd3 Bf4 21. Nf1 Bxd3 22. Qxd3 f5 23. Re2 Nf6 24. Bc1 Rxe2 25. Qxe2 Re8 26. Qd3 Nh5 27. Be3 Bxe3+ 28. Nxe3 Nf4 29. Qd2 Qe7 30. Re1 Qg5 31. g3 Ne6 32. Kf2 Qh5 33. Nf1 g5 34. Qd3 Qf7 35. Ne3 f4 36. Ng4 fxg3+ 37. hxg3 Rf8 38. Ne5 Qg7 39. Rh1 Rf6 40. Ng4 Rg6 41. Re1 Qxd4+ 42. Qxd4+ Nxd4 43. Re8+ Rg8 44. Re7 Rg7 45. Re8+ Rg8 46. Re7 Rg7 47. Re8+ 1/2-1/2

[Event "ROM-ch U20 Girls"]
[Site "Calimanesti"]
[Date "2013.04.03"]
[Round "3"]
[White "Anton, Roxana Ana"]
[Black "Vasilescu, Maria"]
[Result "1-0"]
[WhiteElo "1826"]
[BlackElo "1884"]
[PlyCount "65"]
[EventDate "2013.04.02"]
[EventType "tourn"]
[EventRounds "10"]
[EventCountry "ROU"]
[SourceTitle "CBM 153 Extra"]
[Source "ChessBase"]
[SourceDate "2013.04.22"]
[SourceVersion "1"]
[SourceVersionDate "2013.04.22"]
[SourceQuality "1"]

1. e4 d6 2. d4 Nf6 3. Nc3 Nbd7 4. Nf3 e5 5. Bc4 Be7 6. 0-0 0-0 7. h3 c6 8. a4 a5 9. Be3 Nb6 10. Bb3 Nfd7 11. Qe2 exd4 12. Nxd4 Nc5 13. Rad1 Nxb3 14. cxb3 d5 15. Qf3 dxe4 16. Qxe4 Nd7 17. Nf5 Re8 18. Qg4 Bf6 19. Ne4 Re6 20. Nxf6+ Qxf6 21. Bg5 Qxb2 22. Ne7+ Rxe7 23. Bxe7 Qxb3 24. Bf6 g6 25. Rxd7 Bxd7 26. Qxd7 Qe6 27. Qxb7 Re8 28. Bc3 Qc4 29. Qd7 Rb8 30. Be5 Rf8 31. Bd6 Qe4 32. Bxf8 Kxf8 33. Rc1 1-0

[Event "ROM-ch (Women)"]
[Site "Baile Olanesti"]
[Date "2013.02.23"]
[Round "8"]
[White "Gelip, Ioana"]
[Black "Vasilescu, Maria"]
[Result "0-1"]
[WhiteElo "2017"]
[BlackElo "1883"]
[PlyCount "130"]
[EventDate "2013.02.16"]
[EventType "swiss"]
[EventRounds "9"]
[EventCountry "ROU"]
[SourceTitle "CBM 153 Extra"]
[Source "ChessBase"]
[SourceDate "2013.04.22"]
[SourceVersion "1"]
[SourceVersionDate "2013.04.22"]
[SourceQuality "1"]

1. e4 d6 2. d4 Nf6 3. Nc3 e5 4. dxe5 dxe5 5. Qxd8+ Kxd8 6. Bc4 Ke8 7. Nf3 Bd6 8. h3 c6 9. a4 Nbd7 10. 0-0 Nc5 11. Ng5 Rf8 12. Rd1 Bc7 13. Be3 Ne6 14. Nxe6 Bxe6 15. Bxe6 fxe6 16. Rd3 Bb6 17. Bxb6 axb6 18. Rad1 Ke7 19. Rg3 Rf7 20. Rg5 Nd7 21. b3 Raf8 22. Rd2 Rd8 23. Nb1 Kf6 24. Rg3 Rff8 25. Rgd3 Ke7 26. Na3 Nc5 27. Rxd8 Rxd8 28. Rxd8 Kxd8 29. f3 Na6 30. Kf2 Ke7 31. Ke3 Nc5 32. Nc4 Nd7 33. b4 Kd8 34. Nd6 g6 35. h4 Kc7 36. Nf7 Kb8 37. Kf2 Ka7 38. Kg3 Ka6 39. Kg4 c5 40. c3 b5 41. a5 c4 42. Kg5 b6 43. axb6 Nxb6 44. Kh6 Na4 45. Kxh7 Nxc3 46. Nxe5 Na2 47. Ng4 Nxb4 48. Ne3 c3 49. Kxg6 Nc6 50. h5 b4 51. h6 b3 52. h7 c2 53. h8Q c1Q 54. Qa8+ Kb6 55. Nd5+ exd5 56. exd5 b2 57. Qxc6+ Qxc6+ 58. dxc6 b1Q+ 59. Kg5 Kxc6 60. f4 Kd6 61. g4 Ke6 62. f5+ Kf7 63. Kf4 Qc1+ 64. Ke4 Kf6 65. Kf3 Qc4 0-1

[Event "ROM-ch (Women)"]
[Site "Baile Olanesti"]
[Date "2013.02.22"]
[Round "7"]
[White "Vasilescu, Maria"]
[Black "Cosman, Andreea Marioara"]
[Result "1-0"]
[WhiteElo "1883"]
[BlackElo "1944"]
[PlyCount "54"]
[EventDate "2013.02.16"]
[EventType "swiss"]
[EventRounds "9"]
[EventCountry "ROU"]
[SourceTitle "CBM 153 Extra"]
[Source "ChessBase"]
[SourceDate "2013.04.22"]
[SourceVersion "1"]
[SourceVersionDate "2013.04.22"]
[SourceQuality "1"]

1. e4 c5 2. Ne2 d6 3. g3 g6 4. Bg2 Bg7 5. c3 Nc6 6. 0-0 e6 7. d4 cxd4 8. cxd4 Nge7 9. Nbc3 0-0 10. Be3 b6 11. d5 exd5 12. Nxd5 Nxd5 13. Qxd5 Bb7 14. Qd2 Ne5 15. Bd4 Ba6 16. b3 Rc8 17. Rac1 Qd7 18. Rfd1 Qg4 19. Nc3 Nd3 20. Bxg7 Nxc1 21. h3 Qe6 22. Bxf8 Rxc3 23. Qh6 Ne2+ 24. Kh2 Qf6 25. Rxd6 Qe5 26. Rd8 Rc8 27. Bg7+ Rxd8 1-0

[Event "ROM-chT (Women)"]
[Site "Mamaia"]
[Date "2012.09.25"]
[Round "4.3"]
[White "Lolici, Iselin Amanda"]
[Black "Vasilescu, Maria"]
[Result "1-0"]
[WhiteElo "1939"]
[BlackElo "1863"]
[PlyCount "89"]
[EventDate "2012.09.22"]
[EventType "team-tourn"]
[EventRounds "7"]
[EventCountry "ROU"]
[SourceTitle "CBM 150 Extra"]
[Source "ChessBase"]
[SourceDate "2012.10.19"]
[SourceVersion "1"]
[SourceVersionDate "2012.10.19"]
[SourceQuality "1"]
[WhiteTeam "Lugoj CSM (W)"]
[BlackTeam "Bucharest Central CC (W)"]
[WhiteTeamCountry "ROU"]
[BlackTeamCountry "ROU"]

1. c4 e5 2. g3 Nf6 3. Bg2 c6 4. Nc3 d6 5. e4 Be7 6. Nge2 0-0 7. 0-0 Nbd7 8. d3 a5 9. h3 Ne8 10. f4 exf4 11. gxf4 f5 12. Ng3 Nc5 13. Nxf5 Bxf5 14. exf5 Rxf5 15. d4 Na6 16. Be4 Rf8 17. Kh1 Nf6 18. Bf5 Nc7 19. Qe2 d5 20. c5 Re8 21. Qg2 Bf8 22. Bd3 Ne6 23. Ne2 Ne4 24. f5 Nc7 25. Bf4 Be7 26. Be5 Bf6 27. Rg1 Qe7 28. Bxf6 Qxf6 29. Raf1 Re7 30. Bb1 Nd2 31. Rf2 Nxb1 32. Rxb1 Rae8 33. a4 Re3 34. b4 Na6 35. bxa5 Qh4 36. Rxb7 Rxh3+ 37. Kg1 g5 38. fxg6 h6 39. g7 Qg5 40. Qxg5 hxg5 41. Kg2 Rd3 42. Ng3 Rxd4 43. Nh5 Rg4+ 44. Kf1 Rf4 45. Rxf4 1-0

[Event "ROM-chT (Women)"]
[Site "Mamaia"]
[Date "2012.09.24"]
[Round "3.3"]
[White "Vasilescu, Maria"]
[Black "Cosman, Andreea Marioara"]
[Result "1/2-1/2"]
[WhiteElo "1863"]
[BlackElo "1905"]
[PlyCount "101"]
[EventDate "2012.09.22"]
[EventType "team-tourn"]
[EventRounds "7"]
[EventCountry "ROU"]
[SourceTitle "CBM 150 Extra"]
[Source "ChessBase"]
[SourceDate "2012.10.19"]
[SourceVersion "1"]
[SourceVersionDate "2012.10.19"]
[SourceQuality "1"]
[WhiteTeam "Bucharest Central CC (W)"]
[BlackTeam "Timisoara Luxten (W)"]
[WhiteTeamCountry "ROU"]
[BlackTeamCountry "ROU"]

1. e4 c5 2. Nf3 d6 3. c3 Nf6 4. Bd3 Bg4 5. Bc2 e6 6. d3 Nc6 7. Nbd2 Be7 8. h3 Bh5 9. Nf1 d5 10. Qe2 Qc7 11. Ng3 dxe4 12. dxe4 Bg6 13. 0-0 0-0 14. Nh4 a6 15. Bg5 b5 16. f4 Rad8 17. Rad1 Rxd1 18. Rxd1 Rd8 19. Rxd8+ Nxd8 20. Qf3 Ne8 21. Bxe7 Qxe7 22. Qg4 Bxe4 23. Nxe4 f5 24. Qg5 Qxg5 25. Nxg5 Nf6 26. Kf2 Nd5 27. g3 c4 28. Ngf3 Nc6 29. Nd4 Nxd4 30. cxd4 Kf7 31. Nf3 h6 32. Ne5+ Ke7 33. Kf3 c3 34. bxc3 Nxc3 35. Bb3 Kd6 36. g4 fxg4+ 37. hxg4 a5 38. f5 exf5 39. gxf5 a4 40. Bf7 b4 41. Nc4+ Ke7 42. Ne5 Kf6 43. Bc4 Nxa2 44. Nd3 b3 45. Nc5 Nc3 46. Nxa4 Nxa4 47. Bxb3 Nb6 48. Kf4 Nc8 49. Be6 Nd6 50. d5 h5 51. Bd7 1/2-1/2

[Event "ROM-chT (Women)"]
[Site "Brasov"]
[Date "2011.10.13"]
[Round "6.3"]
[White "Vasilescu, Maria"]
[Black "Bulmaga, Irina"]
[Result "0-1"]
[WhiteElo "1814"]
[BlackElo "2304"]
[PlyCount "66"]
[EventDate "2011.10.08"]
[EventType "team-tourn"]
[EventRounds "9"]
[EventCountry "ROU"]
[SourceTitle "CBM 144 Extra"]
[Source "ChessBase"]
[SourceDate "2011.10.28"]
[SourceVersion "1"]
[SourceVersionDate "2011.10.28"]
[SourceQuality "1"]
[WhiteTeam "Central Club de Sah (W)"]
[BlackTeam "Iasi Politehnica (W)"]
[WhiteTeamCountry "ROU"]
[BlackTeamCountry "ROU"]

1. e4 c5 2. Nc3 d6 3. g3 Nc6 4. Bg2 g6 5. f4 Bg7 6. Nf3 Nf6 7. d3 0-0 8. 0-0 Rb8 9. h3 b5 10. g4 b4 11. Ne2 Nd7 12. Ng3 Ba6 13. f5 Nde5 14. Ng5 h6 15. Nf3 Nxf3+ 16. Qxf3 c4 17. f6 exf6 18. dxc4 Ne5 19. Qf2 Bxc4 20. Rd1 Qc7 21. Be3 a5 22. Qd2 Rfd8 23. Bxh6 d5 24. Bxg7 Kxg7 25. Qf2 d4 26. Ne2 Bxe2 27. Qxe2 Nc4 28. Qf2 Qe5 29. b3 Ne3 30. Rd2 Rbc8 31. Re1 Rc3 32. Bf1 Nxc2 33. Rxc2 Rxc2 0-1

[Event "ROM-chT (Women)"]
[Site "Brasov"]
[Date "2011.10.09"]
[Round "2.1"]
[White "Vintila, Maria Aurora"]
[Black "Vasilescu, Maria"]
[Result "0-1"]
[WhiteElo "1781"]
[BlackElo "1814"]
[PlyCount "74"]
[EventDate "2011.10.08"]
[EventType "team-tourn"]
[EventRounds "9"]
[EventCountry "ROU"]
[SourceTitle "CBM 144 Extra"]
[Source "ChessBase"]
[SourceDate "2011.10.28"]
[SourceVersion "1"]
[SourceVersionDate "2011.10.28"]
[SourceQuality "1"]
[WhiteTeam "Arad (W)"]
[BlackTeam "Central Club de Sah (W)"]
[WhiteTeamCountry "ROU"]
[BlackTeamCountry "ROU"]

1. e4 e5 2. Nf3 Nc6 3. Bc4 Bc5 4. c3 Nf6 5. d3 d6 6. 0-0 h6 7. Be3 Bb6 8. Bb5 0-0 9. h3 Ne7 10. Nbd2 c6 11. Ba4 Ng6 12. Bc2 d5 13. d4 dxe4 14. Nxe4 Nxe4 15. Bxe4 f5 16. Bc2 e4 17. Nh2 Qd6 18. f4 Be6 19. Bb3 Rad8 20. Bxe6+ Qxe6 21. Qb3 Qxb3 22. axb3 Ne7 23. b4 Nd5 24. Kf2 a6 25. g3 g5 26. Rg1 Bc7 27. Rg2 gxf4 28. Bxf4 Bxf4 29. gxf4+ Kh7 30. Rag1 Rg8 31. Rxg8 Rxg8 32. Rxg8 Kxg8 33. Nf1 Nxf4 34. Kg3 Nd3 35. b3 Kf7 36. Nd2 Kf6 37. h4 e3 0-1

[Event "EU-ch U18 Girls"]
[Site "Albena"]
[Date "2011.09.18"]
[Round "7"]
[White "Vasilescu, Maria"]
[Black "Haitovich, Avital"]
[Result "1-0"]
[WhiteElo "1814"]
[BlackElo "1903"]
[PlyCount "95"]
[EventDate "2011.09.11"]
[EventType "swiss"]
[EventRounds "9"]
[EventCountry "BUL"]
[SourceTitle "CBM 144 Extra"]
[Source "ChessBase"]
[SourceDate "2011.10.28"]
[SourceVersion "1"]
[SourceVersionDate "2011.10.28"]
[SourceQuality "1"]

1. e4 c5 2. Nc3 Nc6 3. g3 Rb8 4. Bg2 g6 5. f4 Bg7 6. Nf3 b5 7. 0-0 b4 8. Nd5 Nf6 9. Nxf6+ Bxf6 10. e5 Bg7 11. d4 cxd4 12. Nxd4 Nxd4 13. Qxd4 Qc7 14. Be3 a5 15. c4 Ba6 16. Qa7 Qxa7 17. Bxa7 Rc8 18. b3 d6 19. Rfe1 dxe5 20. fxe5 0-0 21. Bb6 a4 22. Rad1 Rb8 23. Bc7 Rbe8 24. Bc6 Rc8 25. Rd7 axb3 26. axb3 Rfe8 27. Re2 h5 28. Bg2 g5 29. Ra2 Rxc7 30. Rxc7 Bxe5 31. Rd7 Bc8 32. Rd5 f6 33. Re2 Bc3 34. c5 Ba6 35. Re6 Bc8 36. Rb6 Kf7 37. c6 Be6 38. Rd3 Rc8 39. Bd5 Bxd5 40. Rxd5 e5 41. Kf1 Bd4 42. Ra6 Ke6 43. Rd7 Kf5 44. c7 Kg4 45. Kg2 h4 46. Rxf6 h3+ 47. Kf1 Ra8 48. Rd8 1-0

[Event "EU-chT U18 Girls"]
[Site "Iasi"]
[Date "2011.07.20"]
[Round "6.3"]
[White "Vidic, Teja"]
[Black "Vasilescu, Maria"]
[Result "1-0"]
[WhiteElo "1797"]
[BlackElo "1822"]
[PlyCount "57"]
[EventDate "2011.07.15"]
[EventType "team-tourn"]
[EventRounds "7"]
[EventCountry "ROU"]
[SourceTitle "CBM 143 Extra"]
[Source "ChessBase"]
[SourceDate "2011.08.29"]
[SourceVersion "1"]
[SourceVersionDate "2011.08.29"]
[SourceQuality "1"]
[WhiteTeam "Slovenia U18 Girls"]
[BlackTeam "Romania U18 Girls II"]
[WhiteTeamCountry "SLO"]
[BlackTeamCountry "ROU"]

1. e4 e5 2. Nf3 Nc6 3. Bb5 a6 4. Ba4 Nf6 5. 0-0 b5 6. Bb3 Bb7 7. d3 Bc5 8. a4 b4 9. c3 d6 10. Nbd2 0-0 11. h3 h6 12. Re1 Re8 13. Nc4 bxc3 14. bxc3 Ne7 15. Na5 Bc8 16. d4 exd4 17. cxd4 Bb4 18. Bd2 Bxd2 19. Qxd2 Ng6 20. Qc2 Rxe4 21. Rxe4 Bf5 22. Re8+ Qxe8 23. Qxf5 Rb8 24. Re1 Qd7 25. Qxd7 Nxd7 26. Rb1 Nb6 27. Nc6 Re8 28. a5 Nd7 29. Bc4 1-0

[Event "ROM-ch (Women)"]
[Site "Sarata Monteoru"]
[Date "2011.02.17"]
[Round "6"]
[White "L'Ami, Alina"]
[Black "Vasilescu, Maria"]
[Result "1-0"]
[WhiteElo "2331"]
[BlackElo "1784"]
[PlyCount "115"]
[EventDate "2011.02.12"]
[EventType "swiss"]
[EventRounds "9"]
[EventCountry "ROU"]
[SourceTitle "CBM 140 Extra"]
[Source "ChessBase"]
[SourceDate "2011.03.01"]
[SourceVersion "1"]
[SourceVersionDate "2011.03.01"]
[SourceQuality "1"]

1. d4 d5 2. c4 c6 3. Nf3 Nf6 4. Nc3 dxc4 5. a4 Bf5 6. e3 e6 7. Bxc4 Nbd7 8. 0-0 Be7 9. Qe2 0-0 10. e4 Bg6 11. Rd1 Qc7 12. Bg5 h6 13. Bh4 Rfe8 14. Rac1 Rad8 15. e5 Nh7 16. Bxe7 Rxe7 17. Nh4 Nhf8 18. f4 Nb6 19. Ba2 Qd7 20. g4 Nd5 21. Bxd5 cxd5 22. Nb5 Rc8 23. Rxc8 Qxc8 24. Qd2 Qc2 25. f5 Qxd2 26. Rxd2 Bh7 27. Nxa7 Rc7 28. Nb5 Rc1+ 29. Kf2 g5 30. Ng2 exf5 31. gxf5 Bxf5 32. Nd6 Rc2 33. Rxc2 Bxc2 34. a5 Ne6 35. Nxb7 Nxd4 36. b4 Nb5 37. Nd6 Bd3 38. Ke3 Bf1 39. Nxb5 Bxb5 40. Kd4 Be2 41. Ne3 h5 42. Nxd5 h4 43. Ke3 Bc4 44. Nc7 g4 45. Kf2 Kf8 46. a6 Bd3 47. a7 Be4 48. a8Q+ Bxa8 49. Nxa8 Ke7 50. Nc7 Kd7 51. Nd5 Ke6 52. Ne3 g3+ 53. hxg3 hxg3+ 54. Kxg3 Kxe5 55. b5 Kd6 56. b6 f5 57. Kf4 Kc6 58. Nc4 1-0

[Event "ROM-ch (Women)"]
[Site "Sarata Monteoru"]
[Date "2011.02.14"]
[Round "3"]
[White "Vasilescu, Maria"]
[Black "Copilu, Codruta Alexandra"]
[Result "0-1"]
[WhiteElo "1784"]
[BlackElo "1535"]
[PlyCount "90"]
[EventDate "2011.02.12"]
[EventType "swiss"]
[EventRounds "9"]
[EventCountry "ROU"]
[SourceTitle "CBM 140 Extra"]
[Source "ChessBase"]
[SourceDate "2011.03.01"]
[SourceVersion "1"]
[SourceVersionDate "2011.03.01"]
[SourceQuality "1"]

1. e4 c5 2. Nf3 d6 3. d4 cxd4 4. Nxd4 Nf6 5. Nc3 a6 6. Be2 b5 7. Bf3 e5 8. Nb3 Be6 9. Bg5 Be7 10. Bxf6 Bxf6 11. Nd5 Bxd5 12. Qxd5 Nd7 13. Qxd6 Be7 14. Qd5 0-0 15. 0-0-0 Ra7 16. Bg4 Nf6 17. Qxe5 Nxg4 18. Qg3 Qc8 19. Nd4 Bf6 20. Nf5 Ne5 21. Rd6 Ng6 22. Rxf6 gxf6 23. Qe3 Qc7 24. g3 Ne7 25. Nh6+ Kg7 26. Ng4 Ng8 27. Nxf6 Rc8 28. Qg5+ Kh8 29. c3 Nxf6 30. Qxf6+ Kg8 31. Rd1 Qe7 32. Qd4 Rac7 33. e5 Rc4 34. Qe3 b4 35. Rd6 bxc3 36. b3 R4c6 37. Qf3 Rxd6 38. exd6 Qe1+ 39. Qd1 Qxd1+ 40. Kxd1 Rd8 41. Kc2 Rxd6 42. Kxc3 Kf8 43. a4 Ke7 44. b4 Rh6 45. h4 Rf6 0-1

[Event "ROM-ch U18 Girls"]
[Site "Voineasa"]
[Date "2010.04.14"]
[Round "7"]
[White "Lolici, Iselin Amanda"]
[Black "Vasilescu, Maria"]
[Result "1/2-1/2"]
[WhiteElo "1987"]
[BlackElo "1802"]
[PlyCount "53"]
[EventDate "2010.04.08"]
[EventType "tourn"]
[EventRounds "7"]
[EventCountry "ROU"]
[SourceTitle "EXT 2020"]
[Source "ChessBase"]
[SourceDate "2019.10.17"]
[SourceVersion "1"]
[SourceVersionDate "2019.10.17"]
[SourceQuality "1"]

1. c4 e5 2. g3 Nf6 3. Bg2 c6 4. Nf3 d6 5. Nc3 Be7 6. 0-0 h6 7. e4 Qc7 8. d3 Be6 9. h3 0-0 10. Ne1 a5 11. f4 Na6 12. f5 Bd7 13. a4 d5 14. g4 Rfd8 15. h4 dxc4 16. g5 hxg5 17. hxg5 Nh7 18. Qh5 cxd3 19. Nxd3 Bxf5 20. exf5 Rxd3 21. Be4 Rg3+ 22. Kh2 Rxg5 23. Bxg5 Bxg5 24. Rg1 Bf4+ 25. Kh1 Nf6 26. Qh4 Kf8 27. Qh8+ 1/2-1/2

[Event "ROM-ch U18 Girls"]
[Site "Voineasa"]
[Date "2010.04.13"]
[Round "6"]
[White "Vasilescu, Maria"]
[Black "Bulmaga, Irina"]
[Result "0-1"]
[WhiteElo "1802"]
[BlackElo "2222"]
[PlyCount "124"]
[EventDate "2010.04.08"]
[EventType "tourn"]
[EventRounds "7"]
[EventCountry "ROU"]
[SourceTitle "EXT 2020"]
[Source "ChessBase"]
[SourceDate "2019.10.17"]
[SourceVersion "1"]
[SourceVersionDate "2019.10.17"]
[SourceQuality "1"]

1. e4 d6 2. d4 Nf6 3. Nc3 g6 4. Nf3 Bg7 5. Bf4 a6 6. Qd2 b5 7. e5 dxe5 8. dxe5 Qxd2+ 9. Kxd2 b4 10. exf6 bxc3+ 11. bxc3 Bxf6 12. Bxc7 Nd7 13. Rb1 0-0 14. Bd3 Ra7 15. Bf4 e5 16. Be3 Rc7 17. Ng5 Bg7 18. Ne4 Rc6 19. Ke2 f5 20. Nd2 Rxc3 21. f3 Rc6 22. Nb3 Rc7 23. Rhd1 Kh8 24. Na5 Nc5 25. Bc4 Na4 26. Rb3 f4 27. Bb6 Rxc4 28. Nxc4 Be6 29. Rb4 Nc3+ 30. Ke1 Nxd1 31. Kxd1 Rb8 32. Nd2 Bf8 33. Rb2 Bd6 34. c4 Kg8 35. Kc2 Rc8 36. Kc3 e4 37. fxe4 a5 38. Bd4 Bb4+ 39. Rxb4 axb4+ 40. Kxb4 Rb8+ 41. Kc3 Ra8 42. Kb3 Rb8+ 43. Kc3 Ra8 44. Be5 Rxa2 45. Bxf4 Kf7 46. c5 Ra4 47. Be5 Ke7 48. Kd3 Ba2 49. Ke3 Ke6 50. Bd6 Ra3+ 51. Kf4 h6 52. Nf3 Rd3 53. Bf8 g5+ 54. Nxg5+ hxg5+ 55. Kxg5 Rd2 56. h4 Rxg2+ 57. Kf4 Rf2+ 58. Kg5 Rxf8 59. h5 Bb1 60. c6 Bxe4 61. c7 Rc8 62. Kh6 Rxc7 0-1